000
00243nam a2200097Ia 4500
008
190216s9999||||xx |||||||||||||| ||und||
100
_a
Central Board Of Edn
245
0
_a
Entrance Today Paper I Physics&Chemistry
260
_b
Null
942
_c
REF
999
_c
35987
_d
35987